000 00437nam a2200169Ia 4500
008 110201s9999 xx 000 0 und d
082 _bB8545
_aE 336
100 _aHaksar A.N.D.
245 _aTales From The Panchatantra
260 _bNational Book Trust
365 _b35
600 _aHaksar A.N.D.
630 _aTales From The Panchatantra
700 _aHaksar A.N.D.
730 _aTales From The Panchatantra
942 _cBOOK
999 _c834023
_d834020